000 00893nam a22002897a 4500
001 5475
003 FISKH
005 20241210114315.0
008 241210b cb ||||| |||| 00| 0 eng d
020 _a9780545648677
040 _aFISKH
_beng
_cFISKH
_dFISKH
050 _aPZ8.D498
082 _a515
100 _aDewdney, Anna
_d(1965–2016)
245 _aLlama Llama and the bully goat /
_cAnna Dewdney
250 _aFirst paperback printing in 2014
260 _aNew York :
_bScholastic,
_c2014.
300 _a29 pages :
_bcolor illustrations ;
_c24 cm
505 _aG
520 _aFollowing their teacher's lead, Llama Llama speaks to Gilroy Goat and tells him he should not act like a bully on the playground.
521 8 _a330L
_bLexile
521 8 _aG
_bRaz-Plus
650 _2Friendship
_aBullies
650 _2School
_aGoats
942 _2ddc
_cBK
_n0
999 _c5475
_d5475